00715nam a2200169Ia 4500008004100000020001500041050001700056100004000073240003200113245004300145260005300188300001800241490002100259500003900280505019900319650002700518120626s1983 mx 000 0 spa d a9681615751 aBJ45b F6818 aFromm, Erichd, 1900-1980e, autor. aThe heart of manlEspañol aEl corazón del hombrec/ Erich Fromm aMéxicob: Fondo de cultura económicac, 1983 a179 páginas aBiblioteca joven aTraducción de: The heart of man  aEl hombre, ¿Lobo o cordero? Diferentes formas de violencia Amor a la muerte amor a la vida Narcisismo individual y social Vínculos incestuosos Libertad, determinismo, alternativismo 0aÉTICA xPSICOLOGÍA